| 000 | 00658nam a2200217 i 4500 | ||
|---|---|---|---|
| 001 | 96976 | ||
| 003 | ES-MaACL | ||
| 005 | 20250801034656.0 | ||
| 007 | t| | ||
| 008 | 050705s1956 sp ||||1| spa d | ||
| 100 | 1 |
_aManrique de Lara, José Gerardo, _d1922-2001 _976104 |
|
| 245 | 1 | 0 |
_aElegías y gozos temporales / _cJosé Gerardo Manrique de Lara. |
| 260 |
_aMadrid : _bAgora, _c1956. |
||
| 300 |
_a1 lám.(1), 75 p. ; _c17 cm. |
||
| 490 | 1 |
_aColección Ágora ; _v12 |
|
| 500 | _a(1): retrato del autor. | ||
| 830 | 0 |
_aColección Ágora ; _v12 _9180771 |
|
| 852 |
_aES-MaACL _jC-14310 _bR.39708 |
||
| 942 | _2udc | ||
| 999 |
_c96976 _d96976 |
||